书目信息 |
| 题名: |
老天津风尚志
|
|
| 作者: | 周利成 , 邱文利 利著 | |
| 分册: | ||
| 出版信息: | 天津 天津人民出版社 2018.7 |
|
| 页数: | 289页 | |
| 开本: | 24cm | |
| 丛书名: | 天津旧事丛书 | |
| 单 册: | ||
| 中图分类: | D693.9 | |
| 科图分类: | ||
| 主题词: | 社会风尚--史料--天津 | |
| 电子资源: | ||
| ISBN: | 978-7-201-13286-0 | |
| 000 | 01214oam2 2200265 45 | |
| 001 | 012001004835 | |
| 005 | 20140928162350.0 | |
| 010 | @a978-7-201-13286-0@dCNY88.00 | |
| 100 | @a20180423d2018 em y0chiy0110 ea | |
| 101 | 0 | @achi |
| 102 | @aCN@b120000 | |
| 105 | @ay z 000yy | |
| 106 | @ar | |
| 200 | 1 | @a老天津风尚志@9lao tian jin feng shang zhi@f周利成,邱文利著 |
| 210 | @a天津@c天津人民出版社@d2018.7 | |
| 215 | @a289页@d24cm | |
| 225 | 2 | @a天津旧事丛书 |
| 330 | @a天津在近代是北方最大的对外开放的通商口岸,本书以天津老画报、老报刊为基本素材,以通俗的文学语言、图文并茂的形式,记述清末民国时期天津在诸多方面开风气之先,引领全国,展示了天津受西方文明影响,摩登、新潮、高端、洋气的社会风貌。在显示天津人包容、开放、乐观性格的同时,介绍了天津淳朴的民风民俗。该书的出版,会提升天津形象,增强天津的文化自信。本书共分六个栏目:“风气之先”“摩登时代”“名人与时尚”“西风东渐”“休闲娱乐”“民风民俗”,收入70余篇文章,约200幅历史图片,具有一定的出版价值。 | |
| 461 | 0 | @12001 @a天津旧事丛书 |
| 606 | 0 | @a社会风尚@x史料@x天津 |
| 690 | @aD693.9@v5 | |
| 701 | 0 | @a周利成@9zhou li cheng@4利著 |
| 701 | 0 | @a邱文利@9qiu wen li@4著 |
| 801 | 0 | @aCN@b上海新华@c20180901 |
| 905 | @b1171635-9@dD693.9@e271@f5 | |
| 老天津风尚志/周利成,邱文利著.-天津:天津人民出版社,2018.7 |
| 289页;24cm.-(天津旧事丛书) |
| ISBN 978-7-201-13286-0:CNY88.00 |
| 天津在近代是北方最大的对外开放的通商口岸,本书以天津老画报、老报刊为基本素材,以通俗的文学语言、图文并茂的形式,记述清末民国时期天津在诸多方面开风气之先,引领全国,展示了天津受西方文明影响,摩登、新潮、高端、洋气的社会风貌。在显示天津人包容、开放、乐观性格的同时,介绍了天津淳朴的民风民俗。该书的出版,会提升天津形象,增强天津的文化自信。本书共分六个栏目:“风气之先”“摩登时代”“名人与时尚”“西风东渐”“休闲娱乐”“民风民俗”,收入70余篇文章,约200幅历史图片,具有一定的出版价值。 |
| ● |
| 相关链接 |
|
|
|
|
正题名:老天津风尚志
索取号:D693.9/271
 
预约/预借
| 序号 | 登录号 | 条形码 | 馆藏地/架位号 | 状态 | 备注 |
| 1 | 1171635 | 211716357 | 第一样本阅览室/ [索取号:D693.9/271] | 在馆 | |
| 2 | 1171636 | 211716366 | 史法系资料室/ [索取号:D693.9/271] | 在馆 | |
| 3 | 1171637 | 211716375 | 第一借阅区/ [索取号:D693.9/271] | 在馆 | |
| 4 | 1171638 | 211716384 | 第一借阅区/ [索取号:D693.9/271] | 在馆 | |
| 5 | 1171639 | 211716393 | 第一借阅区/ [索取号:D693.9/271] | 在馆 |